| 000 | 02102nam a2200421 c 4500 | ||
|---|---|---|---|
| 003 | BLK | ||
| 005 | 20241207141457.0 | ||
| 008 | 180408b bul|||||r ||||||| ||bul|| | ||
| 010 | _aKNG00084439000 | ||
| 020 |
_a978-954-340-096-6 _bиздат.: Ню медиа груп |
||
| 040 | _aBLK | ||
| 041 |
_aBUL _cBUL |
||
| 080 |
_aВътрешна политика. Вж и 329 _b323 _x(497.2)(092) _z323(497.2)(092) |
||
| 080 |
_aСпециална част на наказателното право. Видове наказуеми действия - Срещу собствена или чужда държава и управлението, политически престъпления,геноцид(прав.аспекти), наркотрафик, против мира, обществен _b343.3/.7 _x(497.2)(092) _z343.3/.7(497.2)(092) |
||
| 080 |
_aБългарски борец, предприемач и шеф на ВИС-2 (1966-2005) _b929 Илиев, Георги Андреев _x _z929 Илиев, Георги Андреев |
||
| 139 |
_aГеорги Илиев _bИ 52 |
||
| 245 | 1 | 0 | _aГеорги Илиев |
| 257 | _aBGR | ||
| 260 |
_аСофия _bНю медиа груп _c2008 _fКостинброд : Мултипринт |
||
| 300 |
_a128 с. _bсъс сн. _c20 см |
||
| 380 | _a3 | ||
| 490 | 1 |
_aКолекция Убитите босове _v1 |
|
| 600 | 1 | 4 |
_aИлиев, Георги Андреев _9299428 |
| 650 | 4 |
_aМафия - България _9250884 |
|
| 650 | 4 |
_aПрестъпления и престъпници - България _9271494 |
|
| 650 | 4 |
_aИлиев, Георги Андреев _9299428 |
|
| 651 | 4 |
_aБългария _9241624 |
|
| 653 | _aбизнесмени | ||
| 653 | _aмафия | ||
| 653 | _aорганизирана престъпност | ||
| 653 | _aГеорги Илиев | ||
| 852 | _aЦб 240513 | ||
| 856 | 4 |
_qpdf _u |
|
| 856 | 4 |
_qpdf _u |
|
| 942 |
_cKNG _n0 _07 |
||
| 944 |
_aCR _c11.07.2008 _lМартин Енчев _k30575 |
||
| 944 |
_aED _c01.11.2016 _lф / _kЛюдмила_Стоянова |
||
| 999 |
_c79956 _d79956 |
||